Quiz o Speedway Grand Prix - Statystyki

Ogólne statystyki
  • Ten quiz został rozwiązany 207 razy
  • Średni wynik to 4 z 10
Statystyki odpowiedzi
Zagadnienie Odpowiedź % Poprawnych
Nawiązując do powyższego: Kto zrobił taki wyczyn? Mark Loram
76%
Kto został pierwszym mistrzem świata w formule Speedway Grand Prix? Hans Nielsen
69%
Który z wymienionych zawodników ma na koncie mistrza świata w cyklu Grand Prix? Billy Hamill
62%
W którym roku mistrz świata nie wygrał w danym sezonie żadnej rundy Grand Prix 2000
59%
Który z czynni jeżdżących zawodników ma na swoim koncie najwięcej medali cyklu Grand Prix? Nicki Pedersen
38%
W ilu polskich miastach organizowano Grand Prix Europy? 4
31%
Przez ile lat Leszno gościło Speedway Grand Prix jako pierwszą rundę zmagań cyklu? 2
28%
Ile reprezentacji zdobyło medale w cyklu Grand Prix 7
28%
Który zawodnik ma na swoim koncie najwięcej podiów z rzędu na zakończenie cyklu Grand Prix? (w sensie za sezon nie w pojedynczych rundach) Jason Crump
24%
Ile sezonów Grand Prix miało w kalendarzu 12 rund? 5
10%
Nie znaleziono quizów pasujących do podanych kryteriów
Rozkład punktacji
Procent ludzi z każdym wynikiem
Percentyl według liczby udzielonych odpowiedzi
Twoja historia wyników
Nie rozwiązałeś tego quizu